000 00464nam a2200181Ia 4500
001 25319
005 20260414151142.0
008 260414t2013||||xx |||||||||||||| ||spa||
041 _aESP
082 _a346.46
_bN82
100 _aNorthcote Sandoval, Christhian
_eAUT
245 0 _aProteccion de la propiedad intelectual de las empresas
_b
260 _c2013
300 _a63 páginas :
_c24 cm.
650 _aDER
654 _aCDE
942 _cLIB
_dJUS
_fJUS
_2ddc
_n
999 _c25319
_d25319